Statistics for Identify the Bond film from the UK Locations

Click here to take the quiz!

General Stats

  • This quiz has been taken 18 times
  • The average score is 9 of 15

Answer Stats

UK LocationFilm% Correct
Her Majesty's Naval Base, Clyde, Argyll and ButeThe Spy Who Loved Me
82%
Shrublands Health Farm, BuckinghamshireThunderball
76%
Oxford University, OxfordshireTomorrow Never Dies
71%
Ascot Racecourse, Berkshire
A View To A Kill
65%
Dover Hoverport, Kent
Diamonds Are Forever
65%
College of Arms, London
On Her Majesty’s Secret Service
65%
The National Gallery, LondonSkyfall
65%
Les Ambassadeurs Club, LondonDr. No
59%
Beckton Gasworks, LondonFor Your Eyes Only
59%
Sotheby's Auction House, LondonOctopussy
59%
Southend Airport, Essex
Goldfinger
53%
Eilean Donan Castle, Ross-shireThe World Is Not Enough
53%
Bladen Safe House, OxfordshireThe Living Daylights
47%
Thames riverbank near Hurley, BerkshireFrom Russia with Love
35%
Blades Gentleman’s Club, LondonDie Another Day
24%

Score Distribution

Percentile by Number Answered

Percent of People with Each Score

Your Score History

You have not taken this quiz